00942 2200301 4500001002100000005001500021035002500036008004100061020002200102082001600124090002100140100002200161245019300183250001100376260003000387300003600417650001000453700001200463700002600475850001200501999002100513007000300534040001700537084001800554504002600572990002100598990002100619YOGYA-0209000004649020240902112130 a0010-020900000046490090227s2007 yoia g ind d a978-979-29-0078-104223a332.643 aCB-D.11 2007-3850 aDeddy Sulistiawan1 aAnalisis teknikal modern pada perdagangan sekuritas :bcara praktis meprediksi pergerakan harga saham dan sekuritas lainnya /cDeddy Sulistiawan, Liliana; penyunting, Agnes Heni Triyuliana aCet. 1 aYogyakarta :bAndi,c2007 avi, 154 hlm. :bilus. ;c21 cm. 4aSaham0 aLiliana0 aAgnes Heni Triyuliana aYOPDYOG aCB-D.11/2007-385ta aYOPDYOGbind a332.643 DED a aBibliografi: hlm. 154 aCB-D.11/2007-385 aCB-D.11/2007-385